| 000 | 00643nam a2200205Ia 4500 | ||
|---|---|---|---|
| 005 | 20220923144712.0 | ||
| 008 | 131103s9999 xx 000 0 und d | ||
| 020 | _cRs.150 | ||
| 040 | _aLoreto College | ||
| 041 | _aEnglish | ||
| 082 |
_a954.02 _bNIZ |
||
| 245 |
_aPolitics and society during the early medieval period Vol II _b collected words of Prof. Mohammad Habib _cedited by Prof K.A.Nizami |
||
| 260 |
_aAligarh _bPeople's Publishing House _c1981 |
||
| 300 | _axxiv,447 p. | ||
| 504 | _aIncludes index and bibliographical references | ||
| 650 | _aMedieval History | ||
| 700 | _aNizami,K.A.;ed. | ||
| 850 | _aLCLIB | ||
| 942 | _cBK | ||
| 999 |
_c9470 _d59949 |
||